Movie By Opening Line II Quiz Stats

Quiz Updated Nov 9, 2017

Challenge
Share
Tweet
Embed
Score 0/18 Timer 05:00
3 Plays Today
Line Movie % Correct
She isn't coming yet, Toto. Did she hurt you? She tried to, didn't she? Come on. We'll go tell Uncle Henry and Auntie Em.The Wizard of Oz
88.3%
There was a time, a time before cable. When the local anchorman reigned supreme.Anchorman: The Legend of Ron Burgundy
79.9%
Rosebud...Citizen Kane
65.9%
What do we care if we were expelled from college, Scarlett? The war is gonna start any day now, so we'd have left college anyhow.Gone With the Wind
65%
3 billion human lives ended on August 29, 1997. The survivors of the nuclear fire called the war Judgment Day. They lived only to face a new nightmare, a war against the machines..Terminator 2: Judgment Day
64.4%
Mr. Dufresne, describe the confrontation you had with your wife the night that she was murdered.The Shawshank Redemption
59.5%
As far back as I can remember, I always wanted to be a gangster. To me, being a gangster was better than being President of the United StatesGoodfellas
54.8%
Remember, remember, the fifth of November, the gunpowder treason and plot.V for Vendetta
52.6%
There was me, that is Alex, and my three droogs, that is Pete, Georgie, and Dim, and we sat in the Korova Milkbar trying to make up our rassoodocks what to do with the evening.A Clockwork Orange
40.4%
Line Movie % Correct
I was Sheriff of this county when I was 25 years old. Hard to believe.No Country For Old Men
37.4%
So where are you? You're in some motel room. You just - you just wake up and you're in - in a motel room. There's the key.Memento
32.7%
Did you hear that? They shut down the main reactor. We'll be destroyed for sure. This is madness.Star Wars
29.1%
My name is Turkish. Funny name for an Englishman, I know.Snatch.
27.5%
Way out west there was this fella... fella I wanna tell ya about.The Big Lebowski
27.4%
Did you know there are more people with genius IQs living in China than there are people of any kind living in the United States? The Social Network
21.5%
Come to Los Angeles! The sun shines bright, the beaches are wide and inviting, and the orange groves stretch as far as the eye can see. There are jobs aplenty, and land is cheap...L.A. Confidential
17.8%
The Hovitos are near. The poison is still fresh, three days. They're following us.Raiders of the Lost Ark
13.8%
Who am I? You sure you wanna know? The story of my life is not for the faint of heart.Spider-Man
11.8%

You're not logged in!

Compare scores with friends on all Sporcle quizzes.
Sign Up with Email
OR
Log In

You Might Also Like...

Show Comments

Extras

Top Quizzes Today


Score Distribution

Your Account Isn't Verified!

In order to create a playlist on Sporcle, you need to verify the email address you used during registration. Go to your Sporcle Settings to finish the process.